000 01348nam0a22002531 4500
001 rc\3971575
005 20260408001107.0
021 _aRU
_b[56-52733]
035 _a(NLR Aleph) 008056368
090 _a8974510
_c8974510
100 _a20130415d1956 |||y0rusy50 ca
101 0 _arus
102 _aRU
105 _aa z |||||
200 1 _aИнструкция по обтяжке барабанов и съемных барабанов чесальных машин хлопчатобумажного производства цельнометаллической пильчатой лентой
_fМ-во текстильной пром-сти СССР. Техн. упр. Центр. науч.-исслед. ин-т вспомогательных изделий и запасных деталей к текстильному оборудованию ЦНИИМашдеталь
210 _a[Москва
_cБ. и.
_d1956]
215 _a50 с.
_cил.
_d20
606 _aЧесальные машины
_xБарабаны
_xОбтяжка
_2psbo
712 0 1 _aСССР
_bМинистерство текстильной промышленности
_bТехническое управление
_9826424
_3RU\NLR\AUTH\8810165197
801 0 _aRU
_bNLR
_gpsbo
801 1 _aRU
_bELAR
_2rusmarc
852 _aNLR
_jТ56 Г-4/1167
942 _cBOOK
980 _aNB